Music Quiz

Random Music or Missing Word Quiz

3 Songs, 1 Missing Word X Quiz Stats

 Plays Quiz Updated Mar 22, 2018

Score 0/33 Timer 05:00
3 Plays Today
% Correct
Time
95.3%
Makes
94.2%
Broken
94.1%
Save
94%
Own
94%
Oops
94%
Kill
93.9%
Believe
93.8%
Please
93.5%
Long
93.4%
Friends
92.7%
Worth
91.9%
Arms
91.7%
Space
91.1%
Come
90.8%
Star
90%
Losing
89.9%
% Correct
Boy
89.9%
Funk
89.8%
California
89.8%
Strangers
89.7%
Wheel
89.6%
Knock
89.6%
Chasing
88%
Show
87.7%
Talks
87.2%
Perfect
86.5%
Cool
85.8%
Dance
85.4%
Power
84.6%
Lean
83%
Groove
81.4%
Queen
80.5%

You're not logged in!

Compare scores with friends on all Sporcle quizzes.
OR
Log In

You Might Also Like...

Show Comments

Extras

Top Quizzes Today


Score Distribution

Your Account Isn't Verified!

In order to create a playlist on Sporcle, you need to verify the email address you used during registration. Go to your Sporcle Settings to finish the process.

Report this User

Report this user for behavior that violates our Community Guidelines.

Details: